[Event "DLM 2007"]
[Site "Verden/Aller GER"]
[Date "2007.09.29"]
[Round "2"]
[White "Rethmann, Kristin"]
[Black "Richter, Jannina"]
[Result "1-0"]
[Termination "normal"]
[Board "3.8"]
[WhiteElo "1363"]
[BlackElo "1158"]
[WhiteTeam "Niedersachsen I"]
[BlackTeam "Mecklenburg-Vorpommern"]
[PlyCount "97"]
[WhiteFideId "24655805"]
[EventCountry "GER"]
[EventRounds "7"]
[EventType "team-swiss"]
[EventDate "2007.09.28"]

1. e4 e5 2. Nf3 Nc6 3. d4 exd4 4. Nxd4 Bc5 5. Nf3 d6 6. Nc3 Bg4 7. h3 Bh5 8. g4
Bg6 9. Bd3 Nge7 10. Be3 Bxe3 11. fxe3 Ne5 12. Nxe5 dxe5 13. Qf3 Qd7 14. O-O-O
O-O-O 15. Qf2 Qe6 16. Kb1 Nc6 17. Qe1 f6 18. Nd5 Bf7 19. Qc3 Qd6 20. Bc4 a6 21.
a3 Qf8 22. Rh2 b5 23. Bxb5 axb5 24. Qxc6 Bxd5 25. Rxd5 Rxd5 26. exd5 Qe8 27.
Rd2 Qxc6 28. dxc6 Rd8 29. Rd3 Rxd3 30. cxd3 Kd8 31. Kc2 Ke7 32. Kb3 Kd6 33. Kb4
Kxc6 34. b3 Kb6 35. d4 exd4 36. exd4 Kc6 37. a4 Kb6 38. a5+ Ka6 39. d5 g6 40.
Kc5 f5 41. gxf5 gxf5 42. b4 f4 43. Kd4 f3 44. Ke3 f2 45. Kxf2 c5 46. dxc6 Ka7
47. Ke3 Kb8 48. Kd4 Kc7 49. Kc5 1-0

[Event "DLM 2007"]
[Site "Verden/Aller GER"]
[Date "2007.09.29"]
[Round "2"]
[White "Siebarth, Raiko"]
[Black "Holloway, Timo"]
[Result "1-0"]
[Termination "normal"]
[Board "4.1"]
[WhiteElo "2182"]
[BlackElo "2092"]
[WhiteTeam "Thüringen"]
[BlackTeam "Niedersachsen II"]
[PlyCount "75"]
[WhiteFideId "4674766"]
[BlackFideId "24631426"]
[EventCountry "GER"]
[EventRounds "7"]
[EventType "team-swiss"]
[EventDate "2007.09.28"]

1. Nc3 c5 2. e4 e6 3. f4 Nc6 4. Nf3 Nd4 5. Bd3 Ne7 6. O-O Nec6 7. a3 Be7 8. b3
a6 9. Bb2 O-O 10. Nxd4 Nxd4 11. Ne2 Nxe2+ 12. Qxe2 f6 13. Rf3 b5 14. a4 c4 15.
axb5 cxd3 16. Qxd3 Bc5+ 17. Kh1 Qb6 18. h4 Bb7 19. bxa6 Bxa6 20. c4 Bb7 21.
Rxa8 Rxa8 22. Qxd7 Rd8 23. Qa4 Bxe4 24. Rg3 Bf2 25. Rh3 Qb7 26. Kh2 Bc6 27. Qa5
Ra8 28. Qh5 Bxg2 29. Rd3 Bf1 30. Qf3 Qa7 31. Rd6 Rb8 32. d4 Bxh4 33. Qxf1 Rxb3
34. Qe2 Bg3+ 35. Kg1 e5 36. Rd8+ Kf7 37. Qh5+ Ke6 38. f5+ 1-0

[Event "DLM 2007"]
[Site "Verden/Aller GER"]
[Date "2007.09.29"]
[Round "2"]
[White "Bradler, Stephan"]
[Black "Wendling, Hannes"]
[Result "1-0"]
[Termination "normal"]
[Board "4.2"]
[WhiteElo "1851"]
[BlackElo "2137"]
[WhiteTeam "Niedersachsen II"]
[BlackTeam "Thüringen"]
[PlyCount "49"]
[WhiteFideId "24629367"]
[BlackFideId "24624284"]
[EventCountry "GER"]
[EventRounds "7"]
[EventType "team-swiss"]
[EventDate "2007.09.28"]

1. e4 c5 2. Nf3 d6 3. d4 cxd4 4. Nxd4 Nf6 5. Nc3 a6 6. Bg5 e6 7. f4 Qb6 8. Qd2
Nc6 9. O-O-O Be7 10. Nxc6 bxc6 11. e5 dxe5 12. fxe5 Nd5 13. Bxe7 Nxe7 14. Na4
Qc7 15. Qd6 Ra7 16. Bd3 O-O 17. Qxc7 Rxc7 18. Nc5 Nd5 19. Be4 a5 20. Rhe1 Bb7
21. c4 Ne7 22. Rd6 Ba8 23. Red1 Nc8 24. Rd8 Nb6 25. Bxh7+ 1-0

[Event "DLM 2007"]
[Site "Verden/Aller GER"]
[Date "2007.09.29"]
[Round "2"]
[White "Hannes, Diana"]
[Black "Kyas, Marcel"]
[Result "0-1"]
[Termination "normal"]
[Board "4.3"]
[WhiteElo "2036"]
[BlackElo "1952"]
[WhiteTeam "Thüringen"]
[BlackTeam "Niedersachsen II"]
[PlyCount "69"]
[WhiteFideId "24611344"]
[BlackFideId "24642037"]
[EventCountry "GER"]
[EventRounds "7"]
[EventType "team-swiss"]
[EventDate "2007.09.28"]

1. e4 c5 2. Nf3 d6 3. d4 cxd4 4. Nxd4 Nf6 5. Nc3 a6 6. Be3 e5 7. Nb3 Be6 8. f3
Nbd7 9. Qd2 b5 10. g4 Nb6 11. g5 Nfd7 12. Nd5 Rc8 13. Na5 Nxd5 14. exd5 Bxd5
15. Qxd5 Qxa5+ 16. c3 Qc7 17. a4 Be7 18. axb5 Nb6 19. Qb3 a5 20. Rxa5 d5 21.
Qa2 d4 22. Ra7 Qc5 23. Bf2 O-O 24. Rg1 Qd6 25. Qa5 Qg6 26. Qa1 Nd5 27. Qd1 Rfd8
28. Bd3 Qe6 29. Ra6 Qh3 30. Be4 dxc3 31. Bxd5 c2 32. Qc1 Rxd5 33. Ke2 Qf5 34.
Rc6 Qd3+ 35. Ke1 0-1

[Event "DLM 2007"]
[Site "Verden/Aller GER"]
[Date "2007.09.29"]
[Round "2"]
[White "Günnigmann, Manuel"]
[Black "Jacobi, Robin"]
[Result "1-0"]
[Termination "normal"]
[Board "4.4"]
[WhiteElo "1969"]
[BlackElo "2006"]
[WhiteTeam "Niedersachsen II"]
[BlackTeam "Thüringen"]
[PlyCount "47"]
[WhiteFideId "24640360"]
[BlackFideId "24646962"]
[EventCountry "GER"]
[EventRounds "7"]
[EventType "team-swiss"]
[EventDate "2007.09.28"]

1. e4 c5 2. Nf3 Nc6 3. d4 cxd4 4. Nxd4 g6 5. Nc3 Bg7 6. Be3 Nf6 7. Bc4 Qa5 8.
O-O O-O 9. Bb3 d6 10. h3 Bd7 11. Re1 Rfe8 12. Qd2 a6 13. Rad1 Rac8 14. f4 Qc7
15. Bf2 b5 16. Nf3 Rf8 17. e5 Ne8 18. Nd5 Qb8 19. Nb6 Rc7 20. Nxd7 Rxd7 21. e6
Rc7 22. exf7+ Kh8 23. fxe8=Q Qxe8 24. Ng5 1-0

[Event "DLM 2007"]
[Site "Verden/Aller GER"]
[Date "2007.09.29"]
[Round "2"]
[White "Tischer, Jana"]
[Black "Schreiner, Till"]
[Result "1/2-1/2"]
[Termination "normal"]
[Board "4.5"]
[WhiteElo "1863"]
[BlackElo "2003"]
[WhiteTeam "Thüringen"]
[BlackTeam "Niedersachsen II"]
[PlyCount "109"]
[WhiteFideId "24617164"]
[BlackFideId "24675555"]
[EventCountry "GER"]
[EventRounds "7"]
[EventType "team-swiss"]
[EventDate "2007.09.28"]

1. e4 c5 2. Nc3 Nc6 3. Nf3 d6 4. d4 cxd4 5. Nxd4 Nf6 6. f3 e6 7. Be3 Be7 8. Qd2
a6 9. g4 Qc7 10. O-O-O b5 11. Nxc6 Qxc6 12. Bf4 e5 13. Be3 h6 14. Be2 Bb7 15.
h4 b4 16. Nd5 Nxd5 17. Qxd5 Qc7 18. Qb3 Rc8 19. Rd2 Qc6 20. Kb1 a5 21. Qd5 O-O
22. Qxc6 Bxc6 23. Ba6 Ra8 24. Bc4 Rac8 25. Bd5 Bb5 26. g5 Kh7 27. Rg2 h5 28.
Rf2 g6 29. Rh3 Bd7 30. Rg3 Kg7 31. f4 Bg4 32. f5 Bd8 33. Rg1 Rb8 34. f6+ Kh7
35. Rd2 Bb6 36. Rg3 Kg8 37. Bxb6 Rxb6 38. Rgd3 Rd8 39. Bb3 Bc8 40. Bd5 Ba6 41.
Re3 Rc8 42. Rd1 Rc5 43. Rc1 Bc4 44. Bxc4 Rxc4 45. c3 Rbc6 46. b3 R4c5 47. c4
Kf8 48. Rd1 Ke8 49. Red3 Kd7 50. Rd5 Kc7 51. Kb2 a4 52. Rxc5 a3+ 53. Kc2 Rxc5
54. Rd5 Rxd5 55. cxd5 1/2-1/2

[Event "DLM 2007"]
[Site "Verden/Aller GER"]
[Date "2007.09.29"]
[Round "2"]
[White "Urban, Lars"]
[Black "Mai, Felicitas"]
[Result "0-1"]
[Termination "normal"]
[Board "4.7"]
[WhiteElo "1467"]
[BlackElo "1616"]
[WhiteTeam "Thüringen"]
[BlackTeam "Niedersachsen II"]
[PlyCount "58"]
[WhiteFideId "4644034"]
[BlackFideId "4635345"]
[EventCountry "GER"]
[EventRounds "7"]
[EventType "team-swiss"]
[EventDate "2007.09.28"]

1. c4 e5 2. Nc3 Nf6 3. Nf3 Nc6 4. g3 d5 5. cxd5 Nxd5 6. Bg2 Be6 7. O-O Bc5 8.
Nxe5 Nxe5 9. d4 Nxc3 10. bxc3 Bd6 11. dxe5 Bxe5 12. Bxb7 Rb8 13. Bc6+ Bd7 14.
Bxd7+ Qxd7 15. Qxd7+ Kxd7 16. Rd1+ Ke6 17. Bd2 Rb2 18. f4 Bf6 19. Kf1 Rd8 20.
Ke1 Rc2 21. e4 Rdxd2 22. Rxd2 Bxc3 23. Rad1 Rxa2 24. Ke2 Bxd2 25. Rxd2 Rxd2+
26. Kxd2 a5 27. Kc3 c5 28. Kb3 h6 29. g4 g5 0-1

[Event "DLM 2007"]
[Site "Verden/Aller GER"]
[Date "2007.09.29"]
[Round "2"]
[White "Flacke, Leonie"]
[Black "Schätz, Bianca"]
[Result "1-0"]
[Termination "normal"]
[Board "4.8"]
[WhiteElo "1052"]
[BlackElo "1108"]
[WhiteTeam "Niedersachsen II"]
[BlackTeam "Thüringen"]
[PlyCount "67"]
[BlackFideId "24655821"]
[EventCountry "GER"]
[EventRounds "7"]
[EventType "team-swiss"]
[EventDate "2007.09.28"]

1. e4 e5 2. Nf3 Nc6 3. Bc4 Nf6 4. Nc3 Nxe4 5. Nxe4 d5 6. Bxd5 Qxd5 7. d3 Bg4 8.
h3 Bh5 9. g4 Bg6 10. Nc3 Qd8 11. Be3 Bb4 12. Bd2 O-O 13. Qe2 Re8 14. O-O-O Nd4
15. Qe3 Bc5 16. Kb1 Bb6 17. h4 f6 18. h5 Bf7 19. Qe4 Rb8 20. Nh4 Ba5 21. Nf5
Bxc3 22. Bxc3 Bd5 23. Qe3 Nxf5 24. gxf5 Bxh1 25. Rxh1 a6 26. Rg1 Re7 27. h6 Qd7
28. Bb4 Rf7 29. Qc5 b6 30. Qc4 a5 31. Rxg7+ Kh8 32. Rxf7 Rg8 33. a3 Qxf5 34.
Be7 1-0

[Event "DLM 2007"]
[Site "Verden/Aller GER"]
[Date "2007.09.29"]
[Round "2"]
[White "Geske, Julian"]
[Black "Bracker, Frank"]
[Result "0-1"]
[Termination "normal"]
[Board "5.1"]
[WhiteElo "2212"]
[BlackElo "2198"]
[WhiteTeam "Hessen"]
[BlackTeam "Hamburg"]
[PlyCount "78"]
[WhiteFideId "24605263"]
[BlackFideId "24614343"]
[EventCountry "GER"]
[EventRounds "7"]
[EventType "team-swiss"]
[EventDate "2007.09.28"]

1. e4 c5 2. Nf3 d6 3. d4 cxd4 4. Nxd4 Nf6 5. Nc3 a6 6. Bc4 e6 7. Bb3 Nbd7 8.
Bg5 Qa5 9. Qd2 Be7 10. O-O-O Nc5 11. f3 Bd7 12. Kb1 Qc7 13. Rhe1 b5 14. Bxf6
Bxf6 15. g4 O-O 16. g5 Be7 17. h4 b4 18. Nce2 a5 19. h5 a4 20. Bc4 Nxe4 21.
fxe4 Qxc4 22. g6 fxg6 23. hxg6 h6 24. Rg1 Bf6 25. Rg2 Be5 26. Qe3 Rac8 27. Rf2
Rxf2 28. Qxf2 Rf8 29. Qg2 Rf6 30. b3 Qa6 31. Nf3 axb3 32. cxb3 Bb5 33. Nc1 Bc3
34. e5 dxe5 35. Nh4 Rf8 36. Qc2 Qc6 37. Ng2 Bd4 38. Qxc6 Bxc6 39. Rd2 Be4+ 0-1

[Event "DLM 2007"]
[Site "Verden/Aller GER"]
[Date "2007.09.29"]
[Round "2"]
[White "Möller, Hendrik"]
[Black "Fink, Leander"]
[Result "1-0"]
[Termination "normal"]
[Board "5.2"]
[WhiteElo "2175"]
[BlackElo "2095"]
[WhiteTeam "Hamburg"]
[BlackTeam "Hessen"]
[PlyCount "77"]
[WhiteFideId "24604917"]
[BlackFideId "24605247"]
[EventCountry "GER"]
[EventRounds "7"]
[EventType "team-swiss"]
[EventDate "2007.09.28"]

1. e4 c5 2. Nf3 a6 3. c3 Nf6 4. e5 Nd5 5. Bc4 Nc7 6. d4 cxd4 7. cxd4 b5 8. Bb3
e6 9. O-O Bb7 10. Nc3 Be7 11. Qe2 O-O 12. Bf4 d6 13. Rad1 b4 14. Ne4 d5 15. Nc5
Bc6 16. Rfe1 Nd7 17. Nd3 Nb6 18. Bc2 a5 19. Bb1 Bb5 20. Nd2 Nc4 21. Qh5 Na6 22.
Nf3 Be8 23. Qg4 Kh8 24. h4 a4 25. Bg5 b3 26. axb3 axb3 27. Nf4 Nb4 28. Re2 Nc2
29. Rxc2 bxc2 30. Bxc2 Nxb2 31. Rb1 Nc4 32. Rb7 Ra1+ 33. Kh2 Bxg5 34. Nxg5 g6
35. Nfxe6 Qc8 36. Rc7 f5 37. Bxf5 gxf5 38. Nf7+ Rxf7 39. Rxc8 1-0

[Event "DLM 2007"]
[Site "Verden/Aller GER"]
[Date "2007.09.29"]
[Round "2"]
[White "Sergin, Mark"]
[Black "Chin, Karin"]
[Result "1-0"]
[Termination "normal"]
[Board "5.3"]
[WhiteElo "2070"]
[BlackElo "2053"]
[WhiteTeam "Hessen"]
[BlackTeam "Hamburg"]
[PlyCount "59"]
[WhiteFideId "24615307"]
[BlackFideId "24608157"]
[EventCountry "GER"]
[EventRounds "7"]
[EventType "team-swiss"]
[EventDate "2007.09.28"]

1. e4 e6 2. d4 d5 3. Nd2 Nf6 4. e5 Nfd7 5. Bd3 c5 6. c3 Nc6 7. Ngf3 Qb6 8. O-O
cxd4 9. cxd4 Be7 10. Re1 O-O 11. Nb3 f6 12. Ng5 fxg5 13. Qh5 h6 14. Qg6 Nf6 15.
exf6 Rxf6 16. Qh7+ Kf7 17. Be2 Bf8 18. Bh5+ Ke7 19. Qd3 Bd7 20. Nc5 Qb4 21. Be3
Be8 22. Bg4 Bg6 23. Qe2 Qc4 24. Qxc4 dxc4 25. d5 Nb4 26. Nxe6 Rxe6 27. Bc5+ Kd8
28. Rxe6 Bf7 29. Bxf8 Bxe6 30. dxe6 1-0

[Event "DLM 2007"]
[Site "Verden/Aller GER"]
[Date "2007.09.29"]
[Round "2"]
[White "Moshtael, Wesal"]
[Black "Aslan, Benjamin"]
[Result "0-1"]
[Termination "normal"]
[Board "5.4"]
[WhiteElo "2113"]
[BlackElo "1965"]
[WhiteTeam "Hamburg"]
[BlackTeam "Hessen"]
[PlyCount "112"]
[WhiteFideId "24618551"]
[BlackFideId "24640298"]
[EventCountry "GER"]
[EventRounds "7"]
[EventType "team-swiss"]
[EventDate "2007.09.28"]

1. e4 e6 2. d4 d5 3. Nc3 Nc6 4. Nf3 Nf6 5. e5 Ne4 6. Bd3 Bb4 7. Bd2 Nxd2 8.
Qxd2 Qe7 9. a3 Ba5 10. h4 Bd7 11. h5 f6 12. b4 Bb6 13. Ne2 O-O-O 14. h6 Rdf8
15. exf6 Qxf6 16. Bb5 Nb8 17. Bxd7+ Nxd7 18. Qg5 Rhg8 19. hxg7 Rxg7 20. Qxf6
Nxf6 21. Nf4 Ng4 22. Nd3 Nxf2 23. Nxf2 Rxg2 24. Ke2 e5 25. Rag1 e4 26. Rxg2
exf3+ 27. Kf1 fxg2+ 28. Kxg2 Bxd4 29. Nd3 Re8 30. Rxh7 Re2+ 31. Kf3 Rxc2 32.
Nf4 c6 33. Ne6 Be5 34. Nc5 b6 35. Ne6 Rc3+ 36. Kg4 Rxa3 37. Kf5 Bd6 38. Rh8+
Kb7 39. Nd8+ Kc7 40. Ne6+ Kd7 41. Rh7+ Be7 42. Nf8+ Kd6 43. Rh6+ Kc7 44. Rh7
Rf3+ 45. Ke6 Rxf8 46. Rxe7+ Kb8 47. Ke5 Rf1 48. Kd6 Rf6+ 49. Ke5 Rh6 50. Kd4
Rh4+ 51. Kc3 Rc4+ 52. Kb3 Re4 53. Rf7 a5 54. bxa5 bxa5 55. Rf8+ Kc7 56. Ra8 Kb6
0-1

[Event "DLM 2007"]
[Site "Verden/Aller GER"]
[Date "2007.09.29"]
[Round "2"]
[White "Göbel, Constantin"]
[Black "Smolkina, Milana"]
[Result "1-0"]
[Termination "normal"]
[Board "5.5"]
[WhiteElo "1846"]
[BlackElo "1885"]
[WhiteTeam "Hessen"]
[BlackTeam "Hamburg"]
[PlyCount "81"]
[WhiteFideId "24647071"]
[BlackFideId "24618780"]
[EventCountry "GER"]
[EventRounds "7"]
[EventType "team-swiss"]
[EventDate "2007.09.28"]

1. e4 c5 2. Nf3 d6 3. d4 cxd4 4. Nxd4 Nf6 5. Nc3 g6 6. Be3 Bg7 7. f3 O-O 8. Qd2
Nc6 9. Bc4 Bd7 10. O-O Rc8 11. Bb3 Ne5 12. Kh1 Nc4 13. Bxc4 Rxc4 14. Nde2 b5
15. Qd3 d5 16. Rad1 dxe4 17. Nxe4 Nxe4 18. fxe4 Rc7 19. c3 Qa8 20. Nf4 Be6 21.
Nd5 Rd7 22. Bc5 Bxd5 23. exd5 Qb7 24. Qf3 a6 25. Rd3 Qc7 26. Bxe7 Rxe7 27. d6
Qd7 28. dxe7 Qxe7 29. Qd5 Qe2 30. Rdf3 Qe7 31. b3 Qc7 32. c4 bxc4 33. bxc4 Be5
34. g3 Bd6 35. Rf6 Be5 36. Rxa6 Bg7 37. Ra8 Qe7 38. Rxf8+ Qxf8 39. c5 Bh6 40.
c6 Be3 41. Qxf7+ 1-0

[Event "DLM 2007"]
[Site "Verden/Aller GER"]
[Date "2007.09.29"]
[Round "2"]
[White "Müller, Tobias"]
[Black "Öz, Eda"]
[Result "1-0"]
[Termination "normal"]
[Board "5.6"]
[WhiteElo "1585"]
[BlackElo "1536"]
[WhiteTeam "Hamburg"]
[BlackTeam "Hessen"]
[PlyCount "117"]
[WhiteFideId "24643394"]
[BlackFideId "24672963"]
[EventCountry "GER"]
[EventRounds "7"]
[EventType "team-swiss"]
[EventDate "2007.09.28"]

1. c4 e5 2. Nc3 Nf6 3. g3 Be7 4. Bg2 c6 5. d4 d6 6. d5 O-O 7. e4 Ne8 8. Nge2 f5
9. O-O c5 10. f4 Bf6 11. Be3 g6 12. a3 b6 13. Rb1 Bg7 14. b4 Ba6 15. b5 Bc8 16.
Qd2 Qe7 17. Rbe1 Bf6 18. Nc1 Ng7 19. Nd3 Nd7 20. fxe5 Nxe5 21. Nxe5 Bxe5 22.
Bf4 Bd4+ 23. Kh1 Bxc3 24. Qxc3 fxe4 25. Rxe4 Qd8 26. Rfe1 Rf7 27. Bh6 Bd7 28.
Bxg7 Rxg7 29. Qe3 Qf8 30. Bf3 Rf7 31. Bg4 Rf1+ 32. Kg2 Rxe1 33. Qxe1 Bxg4 34.
Rxg4 Re8 35. Re4 Rxe4 36. Qxe4 Qf7 37. Qg4 Kg7 38. Qc8 Qe7 39. Qg4 Qf7 40. h4
h6 41. h5 g5 42. Qf3 Qf6 43. Qe4 Qf7 44. Qf3 Qf6 45. Kf2 Qb2+ 46. Qe2 Qf6+ 47.
Kg2 Qf7 48. Qg4 Qe7 49. Kh3 Qf7 50. Kg2 Qe7 51. a4 Qf7 52. Qf3 Qf6 53. Kf2 Qb2+
54. Qe2 Qf6+ 55. Ke1 Qa1+ 56. Kd2 Qb2+ 57. Ke3 Qe5+ 58. Kf3 Qc3+ 59. Qe3 {
Später gewann Weiss im Bauernendspiel die Partie.} 1-0

[Event "DLM 2007"]
[Site "Verden/Aller GER"]
[Date "2007.09.29"]
[Round "2"]
[White "Schultheiß, Vera"]
[Black "Pfeiffer, Daniel"]
[Result "0-1"]
[Termination "normal"]
[Board "5.7"]
[WhiteElo "1380"]
[BlackElo "1726"]
[WhiteTeam "Hessen"]
[BlackTeam "Hamburg"]
[PlyCount "72"]
[BlackFideId "24641960"]
[EventCountry "GER"]
[EventRounds "7"]
[EventType "team-swiss"]
[EventDate "2007.09.28"]

1. e4 c5 2. Nf3 d6 3. d4 cxd4 4. Nxd4 Nf6 5. Nc3 a6 6. g3 e5 7. Nde2 b5 8. a3
Bb7 9. Bg2 Be7 10. O-O O-O 11. h3 Nbd7 12. Be3 Rc8 13. f4 Qc7 14. Rc1 Nc5 15.
Nd5 Nxd5 16. exd5 Rfd8 17. f5 Na4 18. b3 Nb6 19. Qd3 Bf6 20. Be4 Nd7 21. Kh2
Nc5 22. Bxc5 Qxc5 23. b4 Qc7 24. g4 Qb8 25. Ng3 Bg5 26. Rce1 Bf4 27. Kg2 Rc4
28. Nh5 Bg5 29. Rh1 Bh4 30. Re2 Rd4 31. Qf3 Qa8 32. Kh2 Rxe4 33. Qxe4 Bxd5 34.
Qe3 Bxh1 35. g5 Bf3 36. Ng3 Bxg3+ 0-1

[Event "DLM 2007"]
[Site "Verden/Aller GER"]
[Date "2007.09.29"]
[Round "2"]
[White "Ludwig, Maria"]
[Black "Bluhm, Sonja"]
[Result "0-1"]
[Termination "normal"]
[Board "5.8"]
[WhiteElo "754"]
[BlackElo "1346"]
[WhiteTeam "Hamburg"]
[BlackTeam "Hessen"]
[PlyCount "56"]
[WhiteFideId "24655791"]
[BlackFideId "24654027"]
[EventCountry "GER"]
[EventRounds "7"]
[EventType "team-swiss"]
[EventDate "2007.09.28"]

1. e4 e5 2. Nf3 Nc6 3. Bc4 Bc5 4. Nc3 d6 5. d3 Bg4 6. h3 Bh5 7. Be3 Bb6 8. Qd2
Nf6 9. O-O-O a6 10. g4 Bg6 11. h4 h6 12. Rdg1 Nd4 13. Bxd4 Bxd4 14. Ne2 Bxf2
15. Rg2 Bb6 16. g5 hxg5 17. Nxg5 d5 18. exd5 Nxd5 19. Rf1 Be3 20. Nxf7 Bxd2+
21. Kxd2 Bxf7 22. Rxg7 Rf8 23. h5 Bxh5 24. Rh1 Bxe2 25. Kxe2 Qf6 26. Rhh7 Qf3+
27. Ke1 Qe3+ 28. Kd1 Rf1# 0-1

[Event "DLM 2007"]
[Site "Verden/Aller GER"]
[Date "2007.10.01"]
[Round "4"]
[White "Nüsken, Nikolas"]
[Black "Hirneise, Tobias"]
[Result "1-0"]
[Termination "normal"]
[Board "1.1"]
[WhiteElo "2350"]
[BlackElo "2293"]
[WhiteTeam "Niedersachsen I"]
[BlackTeam "Württemberg"]
[PlyCount "71"]
[WhiteFideId "24605891"]
[BlackFideId "24600881"]
[EventCountry "GER"]
[EventRounds "7"]
[EventType "team-swiss"]
[EventDate "2007.09.28"]

1. e4 c5 2. Nf3 d6 3. d4 cxd4 4. Nxd4 Nf6 5. Nc3 Nc6 6. Bg5 e6 7. Qd2 a6 8.
O-O-O Bd7 9. f4 h6 10. Bh4 g5 11. fxg5 Ng4 12. Be2 Nge5 13. Nf3 Be7 14. Rhg1 b5
15. Rdf1 b4 16. Nd1 a5 17. Kb1 Rb8 18. b3 a4 19. Nb2 axb3 20. cxb3 Qa5 21. Nc4
Nxc4 22. Bxc4 Ne5 23. Qb2 Bc6 24. Bd5 Bxd5 25. exd5 Qxd5 26. Bg3 Nxf3 27. Rxf3
Qe4+ 28. Ka1 O-O 29. gxh6 f6 30. Re1 Qd5 31. Bh4 Ra8 32. Qf2 Kh8 33. Bxf6+
Bxf6+ 34. Rxf6 Rxa2+ 35. Kxa2 Ra8+ 36. Kb2 1-0

[Event "DLM 2007"]
[Site "Verden/Aller GER"]
[Date "2007.10.01"]
[Round "4"]
[White "Strunski, Andreas"]
[Black "Lubbe, Nikolas"]
[Result "0-1"]
[Termination "normal"]
[Board "1.2"]
[WhiteElo "2203"]
[BlackElo "2263"]
[WhiteTeam "Württemberg"]
[BlackTeam "Niedersachsen I"]
[PlyCount "78"]
[WhiteFideId "24606073"]
[BlackFideId "4694031"]
[EventCountry "GER"]
[EventRounds "7"]
[EventType "team-swiss"]
[EventDate "2007.09.28"]

1. d4 d5 2. c4 Nc6 3. Nf3 Bg4 4. cxd5 Bxf3 5. dxc6 Bxc6 6. Nc3 e6 7. e4 Bb4 8.
f3 Qh4+ 9. g3 Qf6 10. Be3 O-O-O 11. Be2 Ne7 12. Qb3 Rxd4 13. Bxd4 Qxd4 14. Rd1
Qc5 15. Qc4 Qb6 16. Qb3 Qa5 17. a3 Bc5 18. Kd2 h5 19. Kc1 h4 20. Kb1 a6 21. f4
Kb8 22. Bf3 Nf5 23. Rd3 Nd4 24. Qc4 Nxf3 25. b4 Qxa3 26. bxc5 hxg3 27. Rxf3 g2
28. Rg1 Rxh2 29. Rf2 Rh3 30. Na2 Re3 31. Ka1 Bxe4 32. Qb4 Qd3 33. Rd2 Qf1+ 34.
Rd1 Qxf4 35. Rd8+ Ka7 36. c6 b6 37. Nc3 Qe5 38. Rd4 Bxc6 39. Nd1 Rd3 0-1

[Event "DLM 2007"]
[Site "Verden/Aller GER"]
[Date "2007.10.01"]
[Round "4"]
[White "Kaphle, Stephan"]
[Black "Hirneise, Jens"]
[Result "1/2-1/2"]
[Termination "normal"]
[Board "1.3"]
[WhiteElo "2156"]
[BlackElo "2090"]
[WhiteTeam "Niedersachsen I"]
[BlackTeam "Württemberg"]
[PlyCount "117"]
[WhiteFideId "24629103"]
[BlackFideId "24614734"]
[EventCountry "GER"]
[EventRounds "7"]
[EventType "team-swiss"]
[EventDate "2007.09.28"]

1. e4 c5 2. Nf3 Nc6 3. d4 cxd4 4. Nxd4 Nf6 5. Nc3 d6 6. Bg5 e6 7. Qd2 a6 8.
O-O-O Bd7 9. f4 h6 10. Bh4 g5 11. fxg5 Ng4 12. Be2 Nge5 13. Nf3 Be7 14. Rhg1 b5
15. Rdf1 b4 16. Nd1 hxg5 17. Bxg5 f6 18. Bf4 Qa5 19. Kb1 Nxf3 20. Bxf3 e5 21.
Be3 Be6 22. b3 O-O-O 23. Nb2 d5 24. exd5 Bxd5 25. Bxd5 Rxd5 26. Nc4 Rxd2 27.
Nxa5 Rd6 28. Nc4 Rdd8 29. h3 Nd4 30. Rf2 Nb5 31. Nb6+ Kb7 32. Na4 Rd5 33. Kb2
Rhd8 34. h4 e4 35. g4 Bd6 36. Bf4 Na3 37. Rc1 e3 38. Bxe3 Be5+ 39. c3 Kc6 40.
Bd4 Bxd4 41. cxd4+ Kd6 42. Nc5 Ke7 43. Nxa6 Rxd4 44. Nxb4 Rxb4 45. Kxa3 Rxg4
46. Rh1 Kf7 47. h5 Rh8 48. Rh3 Rg5 49. h6 Kg6 50. b4 f5 51. b5 Rg4 52. Kb3 f4
53. a4 Kg5 54. Rff3 Rg1 55. Kb4 Kg4 56. h7 Rb1+ 57. Kc5 Ra1 58. Kb4 Rb1+ 59.
Ka5 1/2-1/2

[Event "DLM 2007"]
[Site "Verden/Aller GER"]
[Date "2007.10.01"]
[Round "4"]
[White "Zikeli, Saskia"]
[Black "Seemann, Semjon"]
[Result "0-1"]
[Termination "normal"]
[Board "1.4"]
[WhiteElo "2091"]
[BlackElo "2010"]
[WhiteTeam "Württemberg"]
[BlackTeam "Niedersachsen I"]
[PlyCount "104"]
[WhiteFideId "24601543"]
[BlackFideId "24624080"]
[EventCountry "GER"]
[EventRounds "7"]
[EventType "team-swiss"]
[EventDate "2007.09.28"]

1. e4 c5 2. Nf3 Nc6 3. d4 cxd4 4. Nxd4 Nf6 5. Nc3 e5 6. Ndb5 d6 7. Bg5 a6 8.
Na3 b5 9. Nd5 Be7 10. Bxf6 Bxf6 11. c3 Ne7 12. Nxf6+ gxf6 13. Be2 f5 14. exf5
Bxf5 15. Nc2 O-O 16. Ne3 Be6 17. Bf3 d5 18. Qd2 b4 19. Ng4 Ng6 20. Rd1 bxc3 21.
bxc3 f5 22. Ne3 e4 23. Be2 Qg5 24. g3 f4 25. Nxd5 e3 26. Nxe3 fxe3 27. Qxe3
Qxe3 28. fxe3 Bxa2 29. Rd4 a5 30. Bb5 Bb3 31. Ba4 Bxa4 32. Rxa4 Ne5 33. Ke2
Rfc8 34. Rha1 Rxc3 35. Rxa5 Rxa5 36. Rxa5 Rxe3+ 37. Kxe3 Nc4+ 38. Kf4 Nxa5 39.
h4 Kg7 40. Kg5 Nb3 41. g4 Nd4 42. Kf4 Kf6 43. Ke4 Ne6 44. Kf3 Ke5 45. Ke3 Nd4
46. h5 h6 47. Kd3 Ne6 48. Ke3 Kf6 49. Ke4 Kg5 50. Ke5 Nf4 51. Ke4 Kxg4 52. Ke5
Nxh5 0-1

[Event "DLM 2007"]
[Site "Verden/Aller GER"]
[Date "2007.10.01"]
[Round "4"]
[White "Kaphle, Sebastian"]
[Black "Braun, Georg"]
[Result "1-0"]
[Termination "normal"]
[Board "1.5"]
[WhiteElo "2041"]
[BlackElo "1887"]
[WhiteTeam "Niedersachsen I"]
[BlackTeam "Württemberg"]
[PlyCount "65"]
[WhiteFideId "24626708"]
[BlackFideId "24629383"]
[EventCountry "GER"]
[EventRounds "7"]
[EventType "team-swiss"]
[EventDate "2007.09.28"]

1. e4 c5 2. Nf3 d6 3. d4 cxd4 4. Nxd4 Nf6 5. Nc3 g6 6. Be3 Bg7 7. f3 O-O 8. Qd2
Nc6 9. g4 Nd7 10. O-O-O Nde5 11. Be2 Be6 12. h4 Qa5 13. a3 Nxd4 14. Bxd4 Rfc8
15. h5 g5 16. h6 Bf6 17. Rh5 Kf8 18. Kb1 Bc4 19. f4 Bxe2 20. fxe5 dxe5 21. Qxe2
exd4 22. Nd5 Qc5 23. Rh2 Rc6 24. Rf2 Rd8 25. Rdf1 Qd6 26. Qd3 Kg8 27. Rf5 Qe6
28. Qf3 Rdd6 29. Nb4 Be5 30. Rxe5 Qf6 31. Rf5 Qxh6 32. Nxc6 Rxc6 33. Rxf7 1-0